| 000 | 01482cam a2200385 a 4500 | ||
|---|---|---|---|
| 001 | 4049004 | ||
| 003 | SISC | ||
| 005 | 20160405133546.0 | ||
| 008 | 990406s2000 nyu 001 0 eng | ||
| 010 | _a 99029010 | ||
| 020 | _a0471322032 (cloth : alk. paper) | ||
| 035 | _a(DLC) 99029010 | ||
| 040 |
_aDLC _cDLC _dDLC _dDLC |
||
| 050 | 0 | 0 |
_aHF 5691 _b.M59 2000 |
| 082 | 0 | 0 |
_aHS 650.015 _b.M699 2000 |
| 100 | 1 |
_aMizrahi, Abe. _913053 |
|
| 245 | 1 | 0 |
_aMathematics : _ban applied approach / _cAbe Mizrahi, Michael Sullivan. |
| 250 | _a7th ed. | ||
| 260 |
_aNew York : _bJohn Wiley, _cc2000. |
||
| 300 |
_axiv, 922, AN-94 [1-10] p. ; _c26 cm. |
||
| 500 | _aIncludes index. | ||
| 562 | _e1 | ||
| 650 | 0 |
_aBusiness mathematics. _913054 |
|
| 650 | 0 |
_aBusiness mathematics _xProblems, exercises, etc. _913055 |
|
| 650 | 0 |
_aSocial sciences _xMathematics. _913056 |
|
| 650 | 0 |
_aSullivan,Michael _913057 |
|
| 700 | 1 |
_aSullivan, Michael, _d1942- _913058 |
|
| 856 | 4 | 2 |
_3Publisher description _uhttp://www.loc.gov/catdir/description/wiley037/99029010.html |
| 856 | 4 |
_3Table of Contents only _uhttp://www.loc.gov/catdir/toc/onix02/99029010.html |
|
| 856 | 4 | 2 |
_3Contributor biographical information _uhttp://www.loc.gov/catdir/enhancements/fy0607/99029010-b.html |
| 906 |
_a7 _bcbc _corignew _d1 _eocip _f19 _gy-gencatlg |
||
| 942 |
_2lcc _cBK |
||
| 999 |
_c9279 _d9279 |
||